Chemical engineering kinetics (Record no. 6589)

000 -LEADER
fixed length control field 00510nam a2200193 4500
001 - CONTROL NUMBER
control field 6589
003 - CONTROL NUMBER IDENTIFIER
control field BD-DhUET
008 - FIXED-LENGTH DATA ELEMENTS--GENERAL INFORMATION
fixed length control field 700825s1970 nyua b 001 0 eng
040 ## - CATALOGING SOURCE
Transcribing agency 0
Modifying agency BD-DhUET
Original cataloging agency DLC
082 00 - DEWEY DECIMAL CLASSIFICATION NUMBER
Classification number 541.39
Item number SMI/1970
100 ## - MAIN ENTRY--PERSONAL NAME
Personal name Smith, J. M.
245 10 - TITLE STATEMENT
Title Chemical engineering kinetics
250 ## - EDITION STATEMENT
Edition statement 2nd ed.
260 ## - PUBLICATION, DISTRIBUTION, ETC. (IMPRINT)
Place of publication, distribution, etc. New York
Name of publisher, distributor, etc. McGraw-Hill
Date of publication, distribution, etc. 1970
300 ## - PHYSICAL DESCRIPTION
Extent xviii, 612p.
Other physical details ill.
490 0# - SERIES STATEMENT
Series statement McGraw-Hill chemical engineering series
650 #0 - SUBJECT ADDED ENTRY--TOPICAL TERM
Topical term or geographic name as entry element Kinetics : Physical chemistry
942 ## - ADDED ENTRY ELEMENTS (KOHA)
Koha item type General Book
Holdings
Not for loan Koha full call number Source of classification or shelving scheme Copy number Koha normalized classification for sorting Location (home branch) Sublocation or collection (holding branch) Shelving location Koha date last seen Withdrawn status Piece designation (barcode) Koha item type Date acquired Price effective from Damaged status Lost status
 541.39/SMI/1970 1541_390000000000000_SMI_1970Central Library, BUETCentral Library, BUETCirculation section2014-12-04 84576General Book2014-12-042014-12-04  
 541.39/SMI/1970 2541_390000000000000_SMI_1970Central Library, BUETCentral Library, BUETCirculation section2014-12-12 29865General Book2014-12-122014-12-12  
 541.39/SMI/1970 3541_390000000000000_SMI_1970Central Library, BUETCentral Library, BUETCirculation section2014-12-12 29867General Book2014-12-122014-12-12  
 541.39/SMI/1970 4541_390000000000000_SMI_1970Central Library, BUETCentral Library, BUETCirculation section2014-12-12 29863General Book2014-12-122014-12-12  
 541.39/SMI/1970 5541_390000000000000_SMI_1970Central Library, BUETCentral Library, BUETCirculation section2015-03-11 29871General Book2015-03-112015-03-11  
 541.39/SMI/1970 6541_390000000000000_SMI_1970Central Library, BUETCentral Library, BUETCirculation section2015-03-14 29868General Book2015-03-142015-03-14  
 541.39/SMI/1970 7541_390000000000000_SMI_1970Central Library, BUETCentral Library, BUETCirculation section2015-03-14 37045General Book2015-03-142015-03-14  
 541.39/SMI/1970 8541_390000000000000_SMI_1970Central Library, BUETCentral Library, BUETCirculation section2015-04-23 29869General Book2015-04-232015-04-23  
 541.39/SMI/1970 9541_390000000000000_SMI_1970Central Library, BUETCentral Library, BUETCirculation section2015-04-23 29859General Book2015-04-232015-04-23  
 541.39/SMI/1970 10541_390000000000000_SMI_1970Central Library, BUETCentral Library, BUETCirculation section2015-04-26 29870General Book2015-04-262015-04-26  
 541.39/SMI/1970 11541_390000000000000_SMI_1970Central Library, BUETCentral Library, BUETCirculation section2015-04-26 29861General Book2015-04-262015-04-26  
 541.39/SMI/1970 12541_390000000000000_SMI_1970Central Library, BUETCentral Library, BUETCirculation section2015-04-27 25967General Book2015-04-272015-04-27  
 541.39/SMI/1970 13541_390000000000000_SMI_1970Central Library, BUETCentral Library, BUETCirculation section2015-04-27 29860General Book2015-04-272015-04-27  
 541.39/SMI/1970 14541_390000000000000_SMI_1970Central Library, BUETCentral Library, BUETReading section2015-06-08 29862Reading Item2015-06-082015-06-08  
 541.39/SMI/1970 15541_390000000000000_SMI_1970Central Library, BUETCentral Library, BUETReading section2015-06-08 29866Reading Item2015-06-082015-06-08  
 541.39/SMI/1970 16541_390000000000000_SMI_1970Central Library, BUETCentral Library, BUETReading section2015-06-08 29872Reading Item2015-06-082015-06-08  
 541.39/SMI/1970 17541_390000000000000_SMI_1970Central Library, BUETCentral Library, BUETReading section2015-06-08 29864Reading Item2015-06-082015-06-08